[Event "AUTO-OPEN-3325"]
[Site "http://www.queenalice.com/game.php?id=1307413"]
[Date "2014.9.10"]
[Round "1"]
[White "breizatao"]
[Black "Surak"]
[Result "1-0"]
[WhiteElo "2391"]
[BlackElo "1292"]

1. e4 c6 2. d4 d5 3. e5 g6 4. Nf3 Bg7 5. Bd3 Nd7 6. O-O b5 7. a4 a6 8. axb5 cxb5
9. Bxb5 Bb7 10. Ba4 Nh6 11. e6 fxe6 12. Bxh6 Bxh6 13. Ne5 O-O 14. Bxd7 Qc7 15.
Bxe6+ Kg7 16. Nd7 Rf4 17. g3 Re4 18. Nc5 Rf4 19. gxf4 Bxf4 20. Nc3 Bxh2+ 21. Kg2
Qf4 22. Nxb7 Rf8 23. Qg4 1-0

[Event "AUTO-OPEN-3325"]
[Site "http://www.queenalice.com/game.php?id=1307414"]
[Date "2014.9.10"]
[Round "1"]
[White "Surak"]
[Black "breizatao"]
[Result "0-1"]
[WhiteElo "1292"]
[BlackElo "2390"]

1. e4 e5 2. Nf3 Nc6 3. Bc4 Nf6 4. Nc3 Bc5 5. Ng5 O-O 6. a3 Nd4 7. Ne2 d5 8. exd5
h6 9. c3 Nxe2 10. Bxe2 hxg5 11. d4 exd4 12. cxd4 Be7 13. Bxg5 Qxd5 14. Bf3 Qxg5
15. Rc1 Qa5+ 16. Ke2 Qb5+ 17. Ke1 Re8 18. Be2 Qxb2 19. a4 Bb4+ 20. Kf1 Rxe2 0-1

[Event "AUTO-OPEN-3325"]
[Site "http://www.queenalice.com/game.php?id=1307440"]
[Date "2014.9.10"]
[Round "1"]
[White "jupar"]
[Black "Surak"]
[Result "1-0"]
[WhiteElo "1952"]
[BlackElo "1100"]

1. d4 d5 2. c4 e6 3. Nc3 Nf6 4. Bg5 Be7 5. Bxf6 Bxf6 6. Nf3 Nc6 7. e3 O-O 8. Be2
Bd7 9. O-O Qc8 10. a3 e5 11. cxd5 Ne7 12. dxe5 Bxe5 13. Nxe5 f6 14. Nxd7 Qxd7
15. Bc4 Kh8 16. e4 Ng6 17. f4 Rf7 18. Qf3 Qd6 19. b4 c5 20. Nb5 Qb6 21. Qf2 Rc8
22. Rac1 a6 23. bxc5 Rxc5 24. Nd4 Nf8 25. Nb3 Nd7 26. Nxc5 Nxc5 27. Qd4 Rd7 28.
Rb1 Qd6 29. e5 fxe5 30. fxe5 Qg6 31. Qxc5 1-0

[Event "AUTO-INT-2908"]
[Site "http://www.queenalice.com/game.php?id=1312633"]
[Date "2014.10.5"]
[Round "1"]
[White "Surak"]
[Black "gobblemate"]
[Result "1-0"]
[WhiteElo "1465"]
[BlackElo "1679"]

1. e4 e5 2. Nf3 Nc6 3. Bc4 d6 4. a3 Be7 5. Nc3 Nf6 6. d3 O-O 7. Be3 b6 8. Qd2
Qd7 9. Ng5 Qg4 10. f3 Qh5 11. g4 Qg6 12. O-O-O h6 13. h4 hxg5 14. h5 Qh7 15.
Bxg5 Nd4 16. Qe3 Be6 17. Nd5 Nxd5 18. exd5 Bxg5 19. Qxg5 Nxf3 20. Qe3 Bxg4 21.
h6 g5 22. Rdf1 Nh4 23. Qxg5+ Ng6 24. Qxg4 Kh8 25. Qf5 1-0

[Event "AUTO-INT-2908"]
[Site "http://www.queenalice.com/game.php?id=1312634"]
[Date "2014.10.5"]
[Round "1"]
[White "gobblemate"]
[Black "Surak"]
[Result "0-1"]
[WhiteElo "1627"]
[BlackElo "1533"]

1. d4 d5 2. Nf3 Nf6 3. c4 e6 4. Nc3 g6 5. Rb1 Bg7 6. b4 O-O 7. e3 Nc6 8. a4 a5
9. Ba3 Re8 10. b5 Ne7 11. c5 b6 12. cxb6 cxb6 13. Bd3 Bb7 14. O-O Qd7 15. Ne5
Qc7 16. Rc1 Qb8 17. g4 Ne4 18. f4 f6 19. Nf3 Rc8 20. Qb3 Rc7 21. Bxe4 dxe4 22.
Qxe6+ Kf8 23. Bd6 exf3 24. Bxc7 Qxc7 25. Ne4 Qd8 26. Nd6 f2+ 27. Kxf2 Bd5 28.
Qd7 Qxd7 0-1

[Event "AUTO-INT-2908"]
[Site "http://www.queenalice.com/game.php?id=1312635"]
[Date "2014.10.5"]
[Round "1"]
[White "Surak"]
[Black "papyrusmoon"]
[Result "1-0"]
[WhiteElo "1391"]
[BlackElo "1582"]

1. e4 e5 2. Nf3 Nc6 3. Bc4 Bb4 4. O-O Nf6 5. Ng5 O-O 6. a3 Bc5 7. d3 Nd4 8. c3
Nc6 9. Nd2 d5 10. Ba2 Ng4 11. Ndf3 b6 12. Bd2 dxe4 13. dxe4 h6 14. Nh3 a5 15.
Qc1 b5 16. Bd5 b4 17. axb4 Bd6 18. Bxc6 Ra6 19. Bd5 c6 20. Bc4 Ra8 21. Bxh6 Nxh6
22. Nfg5 Ba6 23. b3 Rb8 24. Bxa6 axb4 25. Bc4 bxc3 26. Qxc3 Bb4 27. Qxe5 Ng4 28.
Qf5 Nh6 29. Qh7# 1-0

[Event "AUTO-INT-2908"]
[Site "http://www.queenalice.com/game.php?id=1312636"]
[Date "2014.10.5"]
[Round "1"]
[White "papyrusmoon"]
[Black "Surak"]
[Result "0-1"]
[WhiteElo "1582"]
[BlackElo "1292"]

1. e4 c6 2. d4 d5 3. Nc3 g6 4. Bg5 Bg7 5. Nf3 Nd7 6. a4 Ngf6 7. b4 a6 8. a5 h6
9. Bf4 g5 10. Be5 Nxe5 11. Nxe5 dxe4 12. Bc4 e6 13. O-O b5 14. Nxc6 Qc7 15. Ne5
bxc4 16. Re1 Bb7 17. Qh5 Nxh5 18. Rxe4 Bxe4 19. Nxe4 Bxe5 20. dxe5 Qxe5 21. f3
Qxa1+ 22. Kf2 Qd4+ 23. Ke1 O-O-O 24. Nc5 Qd1+ 25. Kf2 Rd2+ 26. Ke3 Qe2# 0-1

[Event "AUTO-INT-2908"]
[Site "http://www.queenalice.com/game.php?id=1312637"]
[Date "2014.10.5"]
[Round "1"]
[White "Surak"]
[Black "Narizinho"]
[Result "1-0"]
[WhiteElo "1595"]
[BlackElo "1378"]

1. e4 e5 2. Nf3 Nf6 3. Nxe5 Nc6 4. Nxc6 bxc6 5. Nc3 Bb4 6. d3 O-O 7. Be3 c5 8.
Qd2 d6 9. a3 Ba5 10. g3 a6 11. Bg2 Bg4 12. O-O Rb8 13. b3 Nd7 14. b4 cxb4 15.
Nd5 c6 16. Nxb4 c5 17. Nc6 Qc7 18. Nxa5 Nb6 19. Rab1 Rbd8 20. Rb2 Na4 21. Rb7
Qc8 22. Bg5 Rde8 23. Bh4 Be6 24. f4 d5 25. f5 dxe4 26. fxe6 fxe6 27. Qg5 exd3
28. Qxg7# 1-0

[Event "AUTO-INT-2908"]
[Site "http://www.queenalice.com/game.php?id=1312638"]
[Date "2014.10.5"]
[Round "1"]
[White "Narizinho"]
[Black "Surak"]
[Result "0-1"]
[WhiteElo "1440"]
[BlackElo "1556"]

1. e4 c6 2. Nf3 d5 3. exd5 cxd5 4. Nc3 Nf6 5. Bb5+ Bd7 6. O-O a6 7. Be2 e6 8. d3
Nc6 9. Bg5 Be7 10. a4 O-O 11. b3 h6 12. Bd2 Bd6 13. d4 Qc7 14. Bd3 Ng4 15. Ne2
e5 16. dxe5 Ncxe5 17. Nxe5 Bxe5 18. c4 Bxa1 19. Qxa1 Qxh2# 0-1

[Event "Challenge"]
[Site "http://www.queenalice.com/game.php?id=1315925"]
[Date "2014.10.17"]
[Round "-"]
[White "Surak"]
[Black "Aldino"]
[Result "1-0"]
[WhiteElo "1582"]
[BlackElo "2166"]

1. e4 e5 2. Nf3 d6 3. Bc4 h6 4. Nc3 Nf6 5. d3 Nc6 6. a3 a6 7. Be3 Ng4 8. h3 Nxe3
9. fxe3 b5 10. Bd5 Bb7 11. b4 Rb8 12. O-O Ne7 13. Bb3 Ng8 14. Nh2 Nf6 15. Qf3
Be7 16. Ng4 Bc8 17. Nd5 Bxg4 18. hxg4 c6 19. Nxf6+ Bxf6 20. Kf2 Rb7 21. Rh1 Bg5
22. a4 Ra7 23. axb5 cxb5 24. Rxa6 Qd7 25. Rha1 Rxa6 26. Rxa6 O-O 27. Bd5 Qc8 28.
Rc6 Qd7 29. Qf5 Qxf5+ 30. exf5 Be7 31. Rb6 Rc8 32. Bb3 g6 33. Rxb5 Kg7 34. Rb7
Kf6 35. b5 gxf5 36. gxf5 Rc5 37. Kf3 d5 38. Kg4 e4 39. dxe4 dxe4 40. Rb6+ Kg7
41. Kf4 Bf6 42. Rb7 Be5+ 43. Kxe4 Rc7 44. Rxc7 Bxc7 45. Kd5 Kf6 46. Kc6 Be5 47.
e4 h5 48. b6 h4 49. b7 Kg7 50. Kd7 f6 51. Kc8 Kh6 52. b8=Q Bxb8 53. Kxb8 Kg5 54.
Kc7 Kf4 55. Bd5 Kg3 56. e5 1-0

[Event "Challenge"]
[Site "http://www.queenalice.com/game.php?id=1316935"]
[Date "2014.10.21"]
[Round "-"]
[White "Surak"]
[Black "valdenicio"]
[Result "0-1"]
[WhiteElo "1582"]
[BlackElo "1665"]

1. e4 c5 2. Nf3 d6 3. d4 cxd4 4. Nxd4 Nf6 5. Nc3 g6 6. Bc4 Bg7 7. O-O O-O 8. Be3
Nc6 9. Qd2 Ng4 10. Nxc6 bxc6 11. Rfe1 Nxe3 12. Rxe3 Bh6 13. Rae1 e6 14. g3 Bxe3
15. Qxe3 d5 16. Bd3 Qb6 17. Qc1 Rb8 18. b3 Qa5 19. Qb2 d4 20. Qa1 Qxc3 21. Qc1
e5 22. h4 Bg4 23. Kg2 c5 24. Rh1 h5 25. f3 Bd7 26. f4 exf4 27. Qxf4 Bg4 28. Rf1
Rbe8 29. Kg1 Qb4 30. Bc4 Be6 31. Bd3 c4 32. bxc4 Bxc4 33. c3 Qxc3 34. Bxc4 Qxc4
35. e5 Qc3 36. Rf3 Qe1+ 37. Kg2 Qxe5 38. Qd2 Qe2+ 39. Rf2 Qxd2 40. Rxd2 Rd8 41.
a4 d3 42. Kf3 Rfe8 0-1

[Event "Challenge"]
[Site "http://www.queenalice.com/game.php?id=1318500"]
[Date "2014.10.28"]
[Round "-"]
[White "gobblemate"]
[Black "Surak"]
[Result "0-1"]
[WhiteElo "1306"]
[BlackElo "1587"]

1. d4 d5 2. Nf3 Nf6 3. Bf4 Nc6 4. e3 e6 5. Bb5 Bd7 6. O-O a6 7. Bd3 Be7 8. c4
dxc4 9. Bxc4 O-O 10. Nc3 Qc8 11. e4 b5 12. Bb3 Na5 13. Bc2 Nc4 14. b3 Na3 15.
Re1 Ng4 16. h3 Nf6 17. Bd3 Nh5 18. Bh2 b4 19. Ne5 Nf6 20. Nxd7 Nxd7 21. Na4 c5
22. Rc1 Bf6 23. Bd6 Rd8 24. Bxc5 Qb7 25. e5 Bg5 26. Bxh7+ Kxh7 27. Qh5+ Kg8 28.
Qxg5 Nb5 29. Qe7 Re8 30. Qh4 Nc7 0-1

[Event "Challenge"]
[Site "http://www.queenalice.com/game.php?id=1318501"]
[Date "2014.10.28"]
[Round "-"]
[White "Surak"]
[Black "gobblemate"]
[Result "1-0"]
[WhiteElo "1578"]
[BlackElo "1306"]

1. e4 c5 2. Nf3 e6 3. d4 Nf6 4. Nc3 d5 5. e5 Nfd7 6. Be3 Qb6 7. b3 cxd4 8. Bxd4
Bc5 9. Na4 Qa5+ 10. Bc3 Bb4 11. Bxb4 Qxb4+ 12. Qd2 Qxd2+ 13. Nxd2 Nxe5 14. g3
Bd7 15. Nc5 Bc6 16. Bg2 b6 17. Nd3 Nxd3+ 18. cxd3 O-O 19. h4 Nd7 20. g4 Ne5 21.
g5 Nxd3+ 22. Ke2 Nf4+ 23. Kf1 Bb5+ 24. Kg1 Nxg2 25. Kxg2 Rac8 26. Nf3 Bd3 27. h5
f5 28. Ne5 Rc3 29. h6 g6 30. Rac1 Rxc1 31. Rxc1 Ba6 32. Rc7 1-0

[Event "Challenge"]
[Site "http://www.queenalice.com/game.php?id=1350096"]
[Date "2015.3.26"]
[Round "-"]
[White "Surak"]
[Black "kuborn"]
[Result "0-1"]
[WhiteElo "1606"]
[BlackElo "1555"]

1. e4 e5 2. Nf3 Nf6 3. Nxe5 Nxe4 4. Qe2 Nd6 5. Nc6+ Qe7 6. Nxe7 Bxe7 7. Nc3 b6
8. d3 O-O 9. Qf3 Bb7 10. Qg4 h6 11. Bxh6 Bf6 12. f3 Ne8 13. Ne4 Bxe4 14. fxe4
Bxb2 15. Rb1 Bc3+ 16. Ke2 Nc6 17. g3 Nd6 18. Re1 Rfe8 0-1